[Event "FRA-ch op-C"]
[Site "Nimes"]
[Date "2009.08.18"]
[Round "7"]
[White "Cepisul, Kenny"]
[Black "Lagache, Yves"]
[Result "1/2-1/2"]
[WhiteElo "1720"]
[BlackElo "1734"]
[PlyCount "64"]
[EventDate "2009.08.11"]
[EventType "swiss"]
[EventRounds "11"]
[EventCountry "FRA"]
[SourceTitle "EXT 2011"]
[Source "ChessBase"]
[SourceDate "2010.11.26"]
[SourceVersion "1"]
[SourceVersionDate "2010.11.26"]
[SourceQuality "1"]

1. d4 Nf6 2. c4 g6 3. Nc3 d5 4. Nf3 Bg7 5. h3 dxc4 6. e4 a6 7. Bxc4 c5 8. e5 Nfd7 9. Ng5 e6 10. Nce4 0-0 11. Nd6 Nb6 12. Bb3 cxd4 13. f4 Nc6 14. Nf3 Nd7 15. 0-0 Ndxe5 16. fxe5 Nxe5 17. Nxe5 Qxd6 18. Nc4 Qc5 19. Bf4 e5 20. Bg3 b5 21. Nd2 Bb7 22. Rc1 Qb6 23. Nf3 Rae8 24. Kh2 h6 25. Nxd4 exd4 26. Rc7 Re3 27. Rfxf7 Rxf7 28. Rxf7 Kh8 29. Qf1 Rxg3 30. Rf8+ Kh7 31. Bg8+ Kh8 32. Bd5+ Kh7 1/2-1/2

[Event "FRA-ch op-C"]
[Site "Nimes"]
[Date "2009.08.16"]
[Round "6"]
[White "Macon, Arthur"]
[Black "Cepisul, Kenny"]
[Result "1-0"]
[WhiteElo "1791"]
[BlackElo "1720"]
[PlyCount "119"]
[EventDate "2009.08.11"]
[EventType "swiss"]
[EventRounds "11"]
[EventCountry "FRA"]
[SourceTitle "EXT 2011"]
[Source "ChessBase"]
[SourceDate "2010.11.26"]
[SourceVersion "1"]
[SourceVersionDate "2010.11.26"]
[SourceQuality "1"]

1. d4 d5 2. c4 e6 3. Nc3 Nf6 4. cxd5 exd5 5. Bg5 c6 6. e3 Nbd7 7. Bd3 Qa5 8. Qc2 Bd6 9. Nge2 c5 10. dxc5 Bxc5 11. 0-0 0-0 12. Rfd1 Be7 13. Nd4 Re8 14. Nb3 Qc7 15. Bf4 Qc6 16. Nd4 Qc5 17. b4 Qxb4 18. Rab1 Qa5 19. Ncb5 Bd8 20. Bc7 Nb6 21. Rb3 Bxc7 22. Nxc7 Bg4 23. Nxe8 Rxe8 24. f3 Bd7 25. Qd2 Qc5 26. Rc3 Qd6 27. Qf2 Na4 28. Rcc1 Qa3 29. Nb5 Qb2 30. Re1 Qb4 31. Nd4 Nc5 32. Bb1 Qa3 33. Qd2 Ne6 34. Nxe6 Bxe6 35. Qc3 Qa6 36. Qd3 Qb6 37. Qb3 Qa6 38. Bd3 Qa5 39. Qxb7 Qxa2 40. Qb1 Qa5 41. Bf5 Bxf5 42. Qxf5 h6 43. Qd3 Qb6 44. Qd4 Qb7 45. Ra1 Ra8 46. Rec1 Nd7 47. Qf4 Nf6 48. Rc7 Qb2 49. Rac1 g5 50. Qd4 Rb8 51. Qxb2 Rxb2 52. Rxa7 g4 53. Rcc7 gxf3 54. gxf3 Rb6 55. Rxf7 Ne8 56. Rfb7 Rg6+ 57. Kf2 Rf6 58. Ra8 Re6 59. Rbb8 Kf7 60. Rxe8 1-0